[Event "Geneve Cavaliers Fous op 8th"]
[Site "Geneve"]
[Date "2022.10.14"]
[Round "6"]
[White "Longepierre, Chloe"]
[Black "Wehrli, Tobias"]
[Result "1-0"]
[WhiteElo "1615"]
[BlackElo "1783"]
[PlyCount "53"]
[EventDate "2022.09.02"]
[EventType "swiss"]
[EventRounds "7"]
[EventCountry "SUI"]
[SourceTitle "EXT 2024"]
[Source "ChessBase"]
[SourceDate "2023.10.10"]
[SourceVersion "1"]
[SourceVersionDate "2023.10.10"]
[SourceQuality "1"]

1. e4 e5 2. Nf3 f5 3. Nxe5 Qf6 4. d4 d6 5. Nc4 fxe4 6. Nc3 Qg6 7. Be3 Be7 8. Nd5 Na6 9. Qd2 c6 10. Nxe7 Nxe7 11. Bf4 0-0 12. Nxd6 Nd5 13. Nxc8 Raxc8 14. Bg3 b5 15. Be2 Rce8 16. 0-0 Nac7 17. c4 Nf4 18. Bxf4 Ne6 19. Bg3 h5 20. cxb5 Ng5 21. h4 Nf3+ 22. gxf3 exf3 23. Bc4+ Kh8 24. Qg5 Qh7 25. Rfe1 Rc8 26. Re5 g6 27. Re7 1-0

[Event "Geneve Cavaliers Fous op 8th"]
[Site "Geneve"]
[Date "2022.09.23"]
[Round "3"]
[White "Wehrli, Tobias"]
[Black "Rouiller, Leonard"]
[Result "1-0"]
[WhiteElo "1783"]
[BlackElo "1456"]
[PlyCount "101"]
[EventDate "2022.09.02"]
[EventType "swiss"]
[EventRounds "7"]
[EventCountry "SUI"]
[SourceTitle "EXT 2024"]
[Source "ChessBase"]
[SourceDate "2023.10.10"]
[SourceVersion "1"]
[SourceVersionDate "2023.10.10"]
[SourceQuality "1"]

1. e4 e5 2. f4 exf4 3. Nf3 Ne7 4. d4 d5 5. e5 Ng6 6. Bd3 c5 7. c3 Nc6 8. 0-0 Be7 9. Na3 cxd4 10. cxd4 Bxa3 11. bxa3 0-0 12. Rb1 Qe7 13. Bb2 Bg4 14. Qb3 Rfd8 15. Rbc1 Rac8 16. Bb1 b6 17. Qd3 Qd7 18. h4 Nce7 19. Ng5 Bf5 20. Qf3 Bxb1 21. Rxb1 h6 22. Nh3 Rc2 23. Nxf4 Nxf4 24. Qxf4 Ng6 25. Qg3 Rdc8 26. h5 Nf8 27. Rf2 Qb5 28. Qf3 R8c7 29. Qb3 Qc6 30. Rbf1 Ne6 31. Ba1 Ng5 32. Rxc2 Qxc2 33. Qxd5 Kh7 34. Qb3 Qd2 35. Kh2 Qe2 36. Qd1 Qe4 37. Rf2 Qh4+ 38. Kg1 Qg3 39. Kf1 Ne4 40. Rf3 Qg4 41. Bb2 Qxh5 42. Qd3 Qh1+ 43. Ke2 Qxg2+ 44. Ke3 Rc2 45. Qxe4+ g6 46. Rxf7+ Kg8 47. Qxg2 Rxg2 48. Rf2 Rg3+ 49. Ke4 h5 50. e6 Rg4+ 51. Ke5 1-0

[Event "Geneve Bois Gentil op"]
[Site "Geneve"]
[Date "2022.03.11"]
[Round "7"]
[White "Longepierre, Chloe"]
[Black "Wehrli, Tobias"]
[Result "1/2-1/2"]
[WhiteElo "1587"]
[BlackElo "1771"]
[PlyCount "113"]
[EventDate "2022.01.14"]
[EventType "swiss"]
[EventRounds "7"]
[EventCountry "SUI"]
[SourceTitle "EXT 2023"]
[Source "ChessBase"]
[SourceDate "2022.10.05"]
[SourceVersion "1"]
[SourceVersionDate "2022.10.05"]
[SourceQuality "1"]

1. e4 c6 2. d4 d5 3. Nd2 dxe4 4. Nxe4 Bf5 5. Ng3 Bg6 6. h4 h6 7. Nf3 Nf6 8. h5 Bh7 9. Bd3 Bxd3 10. Qxd3 e6 11. Bd2 Nbd7 12. 0-0-0 Be7 13. Kb1 0-0 14. Ne4 c5 15. Rdg1 cxd4 16. g4 Nxe4 17. Qxe4 Qb6 18. g5 f5 19. Qe2 Kh7 20. gxh6 Bf6 21. Bc1 e5 22. hxg7 Bxg7 23. Rg6 Rf6 24. Rhg1 Rg8 25. Qc4 Qc5 26. Qxg8+ Kxg8 27. Rxg7+ Kf8 28. Rxd7 Rc6 29. Ne1 Rc7 30. Rxc7 Qxc7 31. h6 f4 32. Nf3 d3 33. cxd3 Qd6 34. Nxe5 Qxh6 35. Ng6+ Ke8 36. Bxf4 Qh7 37. Kc2 Qd7 38. Re1+ Kd8 39. Bg5+ Kc8 40. Ne7+ Kb8 41. Kd2 Qb5 42. Bf4+ Ka8 43. Re4 Qxb2+ 44. Ke3 Qc1+ 45. Ke2 Qc2+ 46. Bd2 Qxa2 47. f4 Qf7 48. f5 a6 49. Bc3 Qh5+ 50. Ke3 Qg5+ 51. Kf3 Qh5+ 52. Kf4 Qh4+ 53. Ke3 Qg3+ 54. Kd4 Qd6+ 55. Ke3 Qg3+ 56. Kd4 Qd6+ 57. Ke3 1/2-1/2

[Event "Geneve Bois Gentil op"]
[Site "Geneve"]
[Date "2020.01.31"]
[Round "3"]
[White "Wehrli, Tobias"]
[Black "Longepierre, Chloe"]
[Result "1-0"]
[WhiteElo "1772"]
[BlackElo "1618"]
[PlyCount "49"]
[EventDate "2020.01.10"]
[EventType "swiss"]
[EventRounds "7"]
[EventCountry "SUI"]
[SourceTitle "CBM 195 Extra"]
[Source "ChessBase"]
[SourceDate "2020.05.31"]
[SourceVersion "1"]
[SourceVersionDate "2020.05.31"]
[SourceQuality "1"]

1. e4 e5 2. f4 exf4 3. Nf3 Ne7 4. Bc4 d5 5. exd5 Nxd5 6. 0-0 Be6 7. Qe2 Be7 8. d4 0-0 9. c3 c5 10. Kh1 Nc6 11. dxc5 Bxc5 12. Rd1 Nce7 13. Ng5 Bf5 14. Qf3 Re8 15. Bxf4 Qd7 16. Na3 Bg4 17. Rxd5 Qxd5 18. Qxg4 Qc6 19. Bxf7+ Kh8 20. Bxe8 Rxe8 21. Nc4 Ng6 22. Ne5 Rxe5 23. Nf7+ Kg8 24. Nxe5 Nxe5 25. Bxe5 1-0

[Event "Geneve Bois Gentil op"]
[Site "Geneve"]
[Date "2019.02.01"]
[Round "4"]
[White "Kupalov, Igor"]
[Black "Wehrli, Tobias"]
[Result "1/2-1/2"]
[WhiteElo "2108"]
[BlackElo "1772"]
[PlyCount "84"]
[EventDate "2019.01.11"]
[EventType "swiss"]
[EventRounds "7"]
[EventCountry "SUI"]
[SourceTitle "CBM 189 Extra"]
[Source "ChessBase"]
[SourceDate "2019.06.03"]
[SourceVersion "1"]
[SourceVersionDate "2019.06.03"]
[SourceQuality "1"]

1. e4 e6 2. d4 d5 3. e5 c5 4. c3 Nc6 5. Nf3 Qb6 6. Bd3 cxd4 7. cxd4 Bd7 8. 0-0 Nxd4 9. Ng5 g6 10. Nc3 Nh6 11. Be3 Bc5 12. Nxe6 fxe6 13. Bxh6 0-0-0 14. Rc1 Kb8 15. Na4 Bxa4 16. Qxa4 Nc6 17. Bg5 Rdf8 18. Bf6 Rhg8 19. Bb5 Nd4 20. Bd3 Rf7 21. a3 Nc6 22. b4 Bd4 23. Qb3 Nxe5 24. Bxe5+ Bxe5 25. Be2 Rgf8 26. Bf3 Bc7 27. Rc3 d4 28. Rd3 Qd6 29. g3 e5 30. Be4 h5 31. Qd5 Qxd5 32. Bxd5 Rf6 33. Be4 g5 34. h3 h4 35. g4 Bb6 36. f3 Rc8 37. Re1 Rc3 38. Kf2 Rf7 39. Ke2 Rc2+ 40. Rd2 Rc3 41. Rd3 Rc2+ 42. Rd2 Rc3 1/2-1/2

[Event "Bois Gentil op"]
[Site "Geneve"]
[Date "2016.01.29"]
[Round "3"]
[White "Hariz, Haissam"]
[Black "Wehrli, Tobias"]
[Result "1-0"]
[WhiteElo "1941"]
[BlackElo "1805"]
[PlyCount "69"]
[EventDate "2016.01.15"]
[EventType "swiss"]
[EventRounds "7"]
[EventCountry "SUI"]
[SourceTitle "EXT 2017"]
[Source "ChessBase"]
[SourceDate "2016.10.25"]
[SourceVersion "1"]
[SourceVersionDate "2016.10.25"]
[SourceQuality "1"]

1. e4 c5 2. Nc3 g6 3. f4 Bg7 4. Nf3 Nc6 5. Be2 e6 6. 0-0 Nge7 7. d3 0-0 8. Be3 Nd4 9. e5 Nec6 10. Ne4 b6 11. c3 Nf5 12. Bf2 d5 13. Ng3 Nce7 14. Nxf5 gxf5 15. d4 Qc7 16. Be3 Kh8 17. Kh1 Rg8 18. Ng5 Ng6 19. g4 fxg4 20. Bxg4 Bb7 21. Bxe6 fxe6 22. Qh5 Bxe5 23. fxe5 Rg7 24. Nxe6 Qe7 25. Nxg7 Qxg7 26. Bh6 Qe7 27. Rf6 Rg8 28. Raf1 Qxe5 29. dxe5 d4+ 30. Qf3 Bxf3+ 31. R1xf3 Nxe5 32. Rf8 Ng6 33. Rxg8+ Kxg8 34. cxd4 cxd4 35. Rd3 1-0

[Event "Bois Gentil op"]
[Site "Geneve"]
[Date "2016.01.15"]
[Round "1"]
[White "Le Bourhis, Gael"]
[Black "Wehrli, Tobias"]
[Result "1-0"]
[WhiteElo "2140"]
[BlackElo "1805"]
[PlyCount "73"]
[EventDate "2016.01.15"]
[EventType "swiss"]
[EventRounds "7"]
[EventCountry "SUI"]
[SourceTitle "EXT 2017"]
[Source "ChessBase"]
[SourceDate "2016.10.25"]
[SourceVersion "1"]
[SourceVersionDate "2016.10.25"]
[SourceQuality "1"]

1. Nc3 e5 2. Nf3 Nc6 3. d4 exd4 4. Nxd4 Nf6 5. Bg5 Be7 6. Nf5 0-0 7. Nxe7+ Nxe7 8. Bxf6 gxf6 9. e3 d6 10. Bd3 Ng6 11. Qh5 Kh8 12. 0-0-0 a5 13. h4 Rg8 14. g4 Rg7 15. Be2 a4 16. f4 c6 17. g5 Ra5 18. Ne4 Qb6 19. Qf3 Be6 20. gxf6 Rg8 21. Nxd6 a3 22. b3 h6 23. Bc4 Bxc4 24. Nxc4 Qc5 25. Nxa5 Qxa5 26. e4 Re8 27. h5 Nf8 28. Rhg1 Ne6 29. e5 Qb4 30. f5 Ng5 31. Qe3 Qh4 32. e6 fxe6 33. f7 Nxf7 34. fxe6 Qf6 35. Qd4 Ne5 36. Rg6 Nd3+ 37. Rxd3 1-0